Score 0/7 Timer 03:00
0 Plays Today
Question Answer Wrong Answers
In England, a fire breaks out in this castle, the largest inhabited castle in the world and one of the official residences of the Queen, causing £50 million worth of damage.
1992
Windsor Castle
94.2%
Leeds Castle
2.3%
Dover Castle
1.6%
Bodiam Castle
0.8%
This company releases Windows 1.0, a graphical PC operating environment.
1985
Microsoft
92.5%
Apple
3.1%
Dell
1%
IBM
2.5%
At Westminster Abbey in London, Princess Elizabeth marries Lieutenant ______, who becomes the Duke of Edinburgh.
1947
Philip Mountbatten
84.7%
Francis Emmanuel
1.4%
Ernest Louis
1.4%
Albert George
12%
This American serviceman, lawyer, and politician, the 64th US Attorney General and a 1968 presidential candidate, is born.
1925
Robert F. Kennedy
60.2%
George McGovern
14.2%
Hubert Humphrey
17.5%
Adlai Stevenson II
7.8%
Zarya, the first module of the ______ Space Station, is launched.
1998
International
59.5%
MIR
29.7%
Skylab
7.6%
Orion
1.9%
Native American activists seize control of ______ Island. They are ousted by the US Government 19 months later.
1969
Alcatraz
52.6%
Ellis
22.4%
Liberty
12.7%
Angel
11.6%
Mexican statesman Francisco I. Madero denounces Mexican President ______ and calls for a government overthrow, effectively starting the Mexican Revolution.
1910
Porfirio Díaz
29.5%
Emiliano Zapata
49.4%
Felipe Calderón
16.6%
Vicente Fox
4.4%
Remove Ads.
Support Sporcle.
Get the best of Sporcle when you Go Orange. This ad-free experience offers more features, more stats, and more fun while also helping to support Sporcle. Thank you for becoming a member.

You're not logged in!

Compare scores with friends on all Sporcle quizzes.
OR
Log In

Show Comments

Extras

Top Quizzes Today


Score Distribution

Your Account Isn't Verified!

In order to create a playlist on Sporcle, you need to verify the email address you used during registration. Go to your Sporcle Settings to finish the process.

Report this User

Report this user for behavior that violates our Community Guidelines.

Details: